F1 Podiums 1990 - Statistics

General Stats
  • This quiz has been taken 212 times
  • The average score is 9 of 12
Answer Stats
Answer % Correct
Ayrton Senna
100%
Alain Prost
99%
Nigel Mansell
96%
Nelson Piquet
95%
Gerhard Berger
91%
Riccardo Patrese
79%
Jean Alesi
77%
Thierry Boutsen
70%
Alessandro Nannini
62%
Ivan Capelli
46%
Roberto Moreno
46%
Aguri Suzuki
43%
No matching quizzes found
Score Distribution
Percent of People with Each Score
Percentile by Number Answered
Your Score History
You have not taken this quiz